000 00564cam a2200193 a 4500
020 _a006058534X
041 _aENG
082 0 4 _a158.1
_bWIL
100 1 _aWilliamson, Marianne,
245 1 4 _aThe gift of change : Spiritual Guidance for a Radically New Life
250 _a1st ed.
260 _aSan Francisco :
_bHarperSanFrancisco,
_cc2004.
300 _ax, 257 p. ;
650 0 _aChange (Psychology)
650 0 _aLife change events.
650 0 _aSpiritual life.
856 4 2 _uhttp://www.loc.gov/catdir/enhancements/fy1308/2005295017-b.html
942 _cBK
999 _c22822
_d22822